000 00604nam a2200181 4500
001 120865
003 ES-MaACL
005 20230906191634.0
007 t|
008 070214s1939 xxk r ||||1| eng d
100 1 _aPollock, Frederick.
_992847
245 1 0 _aPollock's law torts
_b: a treatise on the principles of obligations arising from civil wrongs in the common law /
_cby Frederick Pollock, P. A. Landon.
250 _a14ยช. ed.
260 _aLondon :
_bStevens and Sons,
_c1939.
300 _aXLVI, 504 p. ;
_c25 cm.
700 1 _aLandon, P. A.
_969965
852 _aES-MaACL
_jC-4302
_bR.24137
999 _c120865
_d120865